000 01541nam a2200409 a 4500
001 0000342
003 DO-SdBNP
005 20180314095233.0
007 0000342
008 150602s2008 dr a 000 0 spa d
020 _z9789945171655
040 _aBPMSU
_bspa
_cBPMSU
092 _a372.21
_bP187c, 2 años, 2008
245 0 0 _aPan y canela 2 :
_bnivel inicial /
_cdirección editorial Luis Miguel Aguas Vanin ; coordinación editorial Cristina Amiama Espaillat ; ilustración Henry Cid, Montserrat Ubach Figueras, Edmundo Castillo.
260 _aSanto Domingo :
_bEdiciones SM,
_c2008.
300 _a 160 p.:
_bil. ;
_c23 cm.
490 1 _aProyecto de mundo abierto
490 1 _aEducación en valores
505 0 _tMi colegio --
_tMi persona --
_tMi familia --
_tLos alimentos --
_tLos animales --
_tLas vacaciones /
650 _aEDUCACIÓN PREESCOLAR
_zREPÚBLICA DOMINICANA
650 _aEDUCACIÓN DE NIÑOS
650 _aEDUCACIÓN EN LA PRIMERA INFANCIA
650 _aJARDINES INFANTILES
650 _aEDUCACIÓN PREESCOLAR
_xLIBROS DE TEXTO
650 _aEDUCACIÓN PREESCOLAR
_xESTUDIOS Y EJERCICIOS
700 1 _aAguas Vanin, Luis Miguel
_edr. ed.
700 1 _aAmiama Espaillat, Cristina
_eed. rev.
700 1 _aCid, Henry
_eil.
700 1 _aUbach Figueras, Montserrat
_eil.
700 1 _aCastillo, Edmundo
_eil.
830 0 _aProyecto mundo abierto
830 0 _aEducación en valores
910 _a00144
942 _2ddc
_cBK
945 _aRemanejado para la BNPHU, 2018 / BT
956 _aYLOCKWARD
_b10
999 _c7919
_d7919